LEADER 02683nam 2200601 a 450 001 9910462112603321 005 20200520144314.0 010 $a1-84779-134-4 035 $a(CKB)2670000000276691 035 $a(EBL)1069515 035 $a(OCoLC)818847208 035 $a(SSID)ssj0000799970 035 $a(PQKBManifestationID)12343579 035 $a(PQKBTitleCode)TC0000799970 035 $a(PQKBWorkID)10765580 035 $a(PQKB)11304304 035 $a(MiAaPQ)EBC1069515 035 $a(OCoLC)957515063 035 $a(MdBmJHUP)muse77756 035 $a(Au-PeEL)EBL1069515 035 $a(CaPaEBR)ebr10623293 035 $a(CaONFJC)MIL843765 035 $a(EXLCZ)992670000000276691 100 $a20121129d2006 uy 0 101 0 $aeng 135 $aur|n|---||||| 181 $ctxt 182 $cc 183 $acr 200 10$aReflections on the Marxist theory of history$b[electronic resource] /$fPaul Blackledge 210 $aManchester $cManchester University Press$d2006 215 $a1 online resource (233 p.) 225 0 $aIssues in Historiography MUP 300 $aIncludes index. 311 $a0-7190-6957-2 311 $a0-7190-6956-4 320 $aIncludes bibliographical references and index. 327 $a9780719069567; 9780719069567; Contents; Preface and acknowledgements; 1 Marxism and history; 2 Marx, Engels and historical materialism; 3 Historical materialism: from the Second to the Third International; 4 Modes of production and social transitions; 5 Structure, agency and the struggle for freedom; 6 The present as history: Marxism and post-modernity; Index 330 $aA decade after Francis Fukuyama announced the 'End of History', anti-capitalist demonstrators at Seattle and elsewhere have helped reinvigorate the Left with the reply 'another world is possible'. More than anyone else it was Marx who showed that slogans such as this were no utopian fantasies, and that capitalism was just as much a historical mode of production, no more natural and certainly no less contradictory, than were the feudal and slave modes which proceeded it. Paul Blackledge opens this study with a defence of the Marxist approach to the study of history against what he argues as bei 410 0$aIssues in Historiography 606 $aHistorical materialism 608 $aElectronic books. 615 0$aHistorical materialism. 676 $a335.4119 676 $a901 700 $aBlackledge$b Paul$0503983 801 0$bMiAaPQ 801 1$bMiAaPQ 801 2$bMiAaPQ 906 $aBOOK 912 $a9910462112603321 996 $aReflections on the Marxist theory of history$92444052 997 $aUNINA LEADER 01362cam0-22004571--450 001 990002531390403321 005 20230220114830.0 035 $a000253139 035 $aFED01000253139 035 $a(Aleph)000253139FED01 100 $a20030910d1951----km-y0itay50------ba 101 1 $aita$cfre 102 $aIT 200 1 $a<>sistemi socialisti$fVilfredo Pareto$gcon prefazione di G. H. Bousquet$gtraduzione di Celestino Arena 210 $aTorino$cUTET$d1951 215 $aXXIII, 580 p.$d25 cm 225 1 $aSociologi ed economisti$v10 454 0$12001$a<>systémes socialistes$943969 610 0 $aTrattazioni di statistica a carattere generale 610 0 $aBiografie 676 $a320.5 676 $aD/4 700 1$aPareto,$bVilfredo$f<1848-1923>$058371 702 1$aBousquet,$bGeorges-Henri$f<1900-1978> 702 1$aArena,$bCelestino$f<1890-1967> 801 0$aIT$bUNINA$gRICA$2UNIMARC 901 $aBK 912 $a990002531390403321 952 $aFONDO ROSSI 3718$bROSSI 3839$fFARBC 952 $aXXX-C-15$b201$fMAS 952 $aXXX-C-16$b675$fMAS 952 $aD/4 PAR$b01984$fSES 952 $aXV C 9 (10)$b38504$fFGBC 952 $aISVE D0.69$fDECTS 959 $aFARBC 959 $aMAS 959 $aSES 959 $aFGBC 959 $aDECTS 996 $aSystémes socialistes$943969 997 $aUNINA